000 nam a22 7a 4500
999 _c20114
_d20114
008 170118b xxu||||| |||| 00| 0 eng d
020 _a9781931280112
050 _aLC 3993.2 .S 97 2009
100 _d2009
245 _aSystem and models for Developing Programs for the gifted and talented
_c(Edited byJoseph S. Renzulli)
250 _a2nd ed
260 _aUSA
_bLearning press
_c2009
300 _ax,728p;
_bill.;
_c28cm.
500 _aincludes bibliographical references and index
650 _2Special education
700 _aE. Jean Gubbins
942 _2lcc
_cBOOKS
_hLC 3993.2 .S 97 2009
_k29490